logo

Bir Sreshtho Munshi Abdur Rouf Library
Jhenaidah Cadet College

Integrated principles of zoology / (Record no. 7133)

MARC details
000 -LEADER
fixed length control field 00690cam a22002531 4500
001 - CONTROL NUMBER
JCCL Control Number 7133
003 - CONTROL NUMBER IDENTIFIER
JCCL marc code BD-JhCC
005 - DATE AND TIME OF LATEST TRANSACTION
control field 20180519115518.0
008 - FIXED-LENGTH DATA ELEMENTS--GENERAL INFORMATION
fixed length control field 850506s1961 moua b 000 0 eng
035 ## - SYSTEM CONTROL NUMBER
system control number (BD-JhCC)7133
040 ## - CATALOGING SOURCE
Original cataloging agency DLC/ICU
Transcribing agency ICU
Modifying agency DLC
-- BD-JhCC
041 ## - LANGUAGE CODE
Language code of Book eng
050 00 - LIBRARY OF CONGRESS CALL NUMBER
Classification number QL47
Item number .H63 1961
082 00 - DEWEY DECIMAL CLASSIFICATION NUMBER
Classification number 591
Author mark and Year HIC 1961
100 1# - MAIN ENTRY--PERSONAL NAME
Personal name Hickman, Cleveland P.
Fuller form of name (Cleveland Pendleton),
Dates associated with a name 1896-1978.
245 10 - TITLE STATEMENT
Title Integrated principles of zoology /
Statement of responsibility, etc Cleveland P. Hickman,
250 ## - EDITION STATEMENT
Edition statement 2d ed.
260 ## - PUBLICATION, DISTRIBUTION, ETC. (IMPRINT)
Place of publication, distribution, etc St. Louis,
Name of publisher, distributor, etc Mosby,
Date of publication, distribution, etc 1961.
300 ## - PHYSICAL DESCRIPTION
Pagination 972 p.
Other physical details illus.
Dimensions 25 cm.
504 ## - BIBLIOGRAPHY, ETC. NOTE
Bibliography, etc Includes bibliography.
650 #0 - SUBJECT ADDED ENTRY--TOPICAL TERM
Topical term or geographic name as entry element Zoology.
942 ## - ADDED ENTRY ELEMENTS (KOHA)
Source of classification or shelving scheme Dewey Decimal Classification
Koha item type Books
Holdings
Source of classification or shelving scheme Damaged status Not for loan Home library Current library Shelving location Total Checkouts Full call number Barcode Date last seen Copy number Koha item type
Dewey Decimal Classification     JCC Rouf Library JCC Rouf Library General Stacks   591 HIC 1961 9036 02/05/2018 C - 1 Books

JCC Library | Contacts | JCC Home

Last Update on 23 September 2017
Copyright @ 2017-2020 JCC Rouf Library
Rouf Library, Jhenidah Cadet College (JCC), Bangladesh